The category of H-modules over a spectrum
Saved in:
| Main Author: | |
|---|---|
| Format: | Book |
| Language: | English |
| Published: |
Providence :
American Mathematical Society,
1974
|
| Series: | Memoirs of the American Mathematical Society ;
; 141 |
| Subjects: | |
| Tags: |
Add Tag
No Tags, Be the first to tag this record!
|
MARC
| LEADER | 00000cam a2200000 i 4500 | ||
|---|---|---|---|
| 001 | 1/47883 | ||
| 008 | 941103s1974 eng d | ||
| 020 | |a 0821818414 | ||
| 035 | |l 10043183 | ||
| 040 | |a GR-MY-UA |b gre |e aacr | ||
| 041 | 0 | |a eng | |
| 082 | 0 | |a 514.23 | |
| 100 | 1 | |a Sanders, Jack Palmer |d 1943- | |
| 245 | 1 | 4 | |a The category of H-modules over a spectrum / |c Jack Palmer Sanders |
| 260 | |a Providence : |b American Mathematical Society, |c 1974 | ||
| 300 | |a iii, 136 p; |c 25 cm | ||
| 490 | 1 | |a Memoirs of the American Mathematical Society |v ; 141 | |
| 504 | |a Bibliography: p. 136 | ||
| 650 | 0 | 0 | |a Homology theory. |
| 650 | 0 | 0 | |a Cobordism theory. |
| 650 | 0 | 0 | |a Spectral theory (Mathematics) |
| 830 | 0 | |a Memoirs of the American Mathematical Society ; |v ; 141 | |
| 852 | |a INST |b SAMOS |e 19941103 |h 514.23 SAN |p 005300002423 |q 005300002423 |t BK |y 0 | ||
| 909 | |a Σ |b 030951 | ||